书目信息 |
| 题名: |
大学学科文化研究
|
|
| 作者: | 蒋洪池 著 | |
| 分册: | ||
| 出版信息: | 北京 光明日报出版社 2011.03 |
|
| 页数: | 185页 | |
| 开本: | 23cm | |
| 丛书名: | ||
| 单 册: | ||
| 中图分类: | G642.3 | |
| 科图分类: | ||
| 主题词: | 高等学校--学科--文化--研究 , 高等学校 , 学科 | |
| 电子资源: | ||
| ISBN: | 978-7-5112-1014-2 | |
| 000 | 01154nam0 2200289 45 | |
| 001 | 512 | |
| 005 | 20120531163258.87 | |
| 010 | @a978-7-5112-1014-2@dCNY32.80 | |
| 100 | @a20120328d2011 em y0chiy50 ea | |
| 101 | 0 | @achi |
| 102 | @aCN@b110000 | |
| 105 | @ay z 000yy | |
| 106 | @ar | |
| 200 | 1 | @a大学学科文化研究@ADa Xue Xue Ke Wen Hua Yan Jiu@d= A study on the disciplinary cultures of universities@f蒋洪池著@FJiang Hong Chi Zhu@zeng |
| 210 | @a北京@c光明日报出版社@d2011.03 | |
| 215 | @a185页@d23cm | |
| 300 | @a高校社科文库 | |
| 300 | @a中国地质大学(武汉)中央高校基本科研业务费专项资金以及2009年度教育部人文社会科学青年基金资助 | |
| 330 | @a本书从多学科的视角,从欧洲中世纪、文艺复兴、启蒙运动、20世纪中期、以迄后工业时代,着重研究大学学科文化的历史演变,从知识、学科和学者三个方面,比较深入地探索大学学科文化的本质内涵和发展前景。 | |
| 510 | 1 | @aStudy on the disciplinary cultures of universities@zeng |
| 606 | 0 | @a高等学校@x学科@x文化@x研究 |
| 606 | 0 | @a高等学校 |
| 606 | 0 | @a学科 |
| 690 | @aG642.3@v4 | |
| 701 | 0 | @a蒋洪池@AJiang Hong Chi@f(1969~)@4著 |
| 801 | 0 | @aCN@bTSTCL@c20120328 |
| 905 | @b0811655-59@dG642.3@e548@f5 | |
| 大学学科文化研究= A study on the disciplinary cultures of universities/蒋洪池著.-北京:光明日报出版社,2011.03 |
| 185页;23cm |
| 高校社科文库.-中国地质大学(武汉)中央高校基本科研业务费专项资金以及2009年度教育部人文社会科学青年基金资助 |
| ISBN 978-7-5112-1014-2:CNY32.80 |
| 本书从多学科的视角,从欧洲中世纪、文艺复兴、启蒙运动、20世纪中期、以迄后工业时代,着重研究大学学科文化的历史演变,从知识、学科和学者三个方面,比较深入地探索大学学科文化的本质内涵和发展前景。 |
| ● |
| 相关链接 |
|
|
|
|
正题名:大学学科文化研究
索取号:G642.3/548
 
预约/预借
| 序号 | 登录号 | 条形码 | 馆藏地/架位号 | 状态 | 备注 |
| 1 | 0811655 | 208116554 | 第一样本阅览室/ [索取号:G642.3/548] | 在馆 | |
| 2 | 0811656 | 208116563 | 第四借阅区/ [索取号:G642.3/548] | 在馆 | |
| 3 | 0811657 | 208116572 | 第四借阅区/ [索取号:G642.3/548] | 在馆 | |
| 4 | 0811658 | 208116581 | 第四借阅区/ [索取号:G642.3/548] | 在馆 | |
| 5 | 0811659 | 208116590 | 第四借阅区/ [索取号:G642.3/548] | 在馆 |